000 00527cam a22001694a 4500
005 20250605163317.0
008 250528s ||||||||||||||||||||||||d
035 _a16590
040 _aGR-AtMCL
_bgre
_dGR-AtMCL
_eAACR2
245 1 _aHellenic Review of International Relations / Volume 1, No. I: 1980
260 _bBiannual Publication,
_c1980
300 _a284
520 _aContents, Articles, Notes and Comments, Chronicle, Documents, Book Reviews and Notes.
942 _cBK
999 _c2074
_d2074